El Catálogo alfabético de materias
Publicado:
Madrid :
Dirección General de Archivos y Bibliotecas. Servicio de Publicaciones del Ministerio de Educación Nacional ,
1952
Descripción Física:
177 p. ; 21 cm
Colección:
Manuales de Archivos y Bibliotecas
Otros Autores:
Espanya. Dirección General de Archivos y Bibliotecas
,
Espanya. Ministerio de Educación Nacional. Servicio de Publicaciones
Materias:
Encapçalaments de matèria
MARC
| LEADER | 00000nam a2200000Ia 4500 | ||
|---|---|---|---|
| 001 | 10901 | ||
| 008 | 160829s1952 xx 000 0 cat d | ||
| 080 | |a A-2-28 | ||
| 245 | |a El Catálogo alfabético de materias | ||
| 260 | |a Madrid : |b Dirección General de Archivos y Bibliotecas. Servicio de Publicaciones del Ministerio de Educación Nacional, |c 1952 | ||
| 300 | |a 177 p. ; |c 21 cm | ||
| 490 | |a Manuales de Archivos y Bibliotecas | ||
| 650 | |a Encapçalaments de matèria |9 19999 | ||
| 700 | |a Espanya. Dirección General de Archivos y Bibliotecas |9 22004 | ||
| 700 | |a Espanya. Ministerio de Educación Nacional. Servicio de Publicaciones |9 20001 | ||
| 901 | |a Arxiu | ||
| 942 | |n 1 | ||
| 952 | |0 0 |1 0 |4 0 |6 A228 |7 1 |9 41398 |a Arxiu |b Arxiu |d 2016-12-01 |l 0 |o A-2-28 |p 10901 |r 2016-12-01 00:00:00 |w 2016-12-01 |y ARXIU | ||
| 999 | |c 43205 |d 43205 | ||